The Treasury of scripture knowledge : (Record no. 2221)

MARC details
000 -LEADER
fixed length control field 00697cam a2200193Ii 4500
001 - CONTROL NUMBER
control field 3739376
003 - CONTROL NUMBER IDENTIFIER
control field OCoLC
005 - DATE AND TIME OF LATEST TRANSACTION
control field 20181009194330.0
008 - FIXED-LENGTH DATA ELEMENTS--GENERAL INFORMATION
fixed length control field 780322q19701978nju 000 0 eng d
020 ## - INTERNATIONAL STANDARD BOOK NUMBER
International Standard Book Number 0800703243 :
040 ## - CATALOGING SOURCE
Original cataloging agency JPL
Transcribing agency JPL
Modifying agency OCL
-- TMS
-- OCL
-- OCLCQ
-- MZN
082 ## - DEWEY DECIMAL CLASSIFICATION NUMBER
Classification number REF 220.7
Item number T694T
090 ## - LOCALLY ASSIGNED LC-TYPE CALL NUMBER (OCLC); LOCAL CALL NUMBER (RLIN)
Classification number (OCLC) (R) ; Classification number, CALL (RLIN) (NR) BS491
Local cutter number (OCLC) ; Book number/undivided call number, CALL (RLIN) .T7 1975
245 04 - TITLE STATEMENT
Title The Treasury of scripture knowledge :
Remainder of title five-hundred thousand scripture references and parallel passages from Canne, Browne, Blayney, Scott & others with numerous illustrative notes /
Statement of responsibility, etc. introduction by R.A. Torrey
260 ## - PUBLICATION, DISTRIBUTION, ETC.
Place of publication, distribution, etc. Old Tappan, N.J. :
Name of publisher, distributor, etc. Revell,
Date of publication, distribution, etc. [197-]
300 ## - PHYSICAL DESCRIPTION
Extent 590, 188 p. ;
Dimensions 22 cm
630 00 - SUBJECT ADDED ENTRY--UNIFORM TITLE
Uniform title Bible
Form subdivision Commentaries
942 ## - ADDED ENTRY ELEMENTS (KOHA)
Source of classification or shelving scheme Dewey Decimal Classification
Koha item type Reference
Holdings
Withdrawn status Lost status Source of classification or shelving scheme Damaged status Not for loan Collection code Home library Current library Shelving location Date acquired Total Checkouts Full call number Barcode Date last seen Price effective from Koha item type
    Dewey Decimal Classification   Not For Loan Reference Harvest Mission College Harvest Mission College Reference 09.10.2018   REF 220.7 T694T 000240 09.10.2018 09.10.2018 Reference

OPAC Designed and Maintained by HMC Library Team.
Copyright © HMC Library,Greater Noida, UP.
For any Suggestions/Query Contact library via Email:libhmc@gmail.com